MARC details
| 000 -LÍDER |
| campo de controle de tamanho fixo |
01377naa a22003737a 4500 |
| 001 - NÚMERO DE CONTROLE |
| campo de controle |
BR9404707 |
| 003 - IDENTIFICADOR DO NÚMERO DE CONTROLE |
| campo de controle |
BR-BrBNA |
| 005 - DATA E HORÁRIO DA ÚLTIMA TRANSAÇÃO |
| campo de controle |
20250721155504.0 |
| 007 - CAMPO FIXO DE DESCRIÇÃO FÍSICA--INFORMAÇÃO GERAL |
| campo de controle de tamanho fixo |
ta |
| 008 - CAMPO DE DADOS FIXOS--INFORMAÇÃO GERAL |
| campo de controle de tamanho fixo |
250630b bl.|||m| |||| 00| 0 por d |
| 040 ## - FONTE DA CATALOGAÇÃO |
| Instituição da catalogação original |
BR-BrBNA |
| Idioma da catalogação |
por |
| Instituição que transcreveu o registro |
Biblioteca Nacional de Agricultura |
| 041 ## - CÓDIGO DE IDIOMA |
| Código do idioma do texto/trilha sonora ou título diferente |
(Pt) |
| 072 ## - CÓDIGO DE CATEGORIA DE ASSUNTO |
| Código de Categoria de Assunto |
Q02; Q04 |
| Código do objeto |
9410 |
| -- |
9430 |
| -- |
9415 |
| -- |
9480 |
| 090 ## - NÚMERO DE CHAMADA LOCAL |
| Número de chamada |
Q02 BR9404707 |
| 100 1# - ENTRADA PRINCIPAL--NOME PESSOAL |
| Nome pessoal |
Huhn, S. |
| 100 1# - ENTRADA PRINCIPAL--NOME PESSOAL |
| Nome pessoal |
Lourenco Junior, J. de B. |
| 100 1# - ENTRADA PRINCIPAL--NOME PESSOAL |
| Nome pessoal |
Carvalho, L.O.D. de M. |
| 100 1# - ENTRADA PRINCIPAL--NOME PESSOAL |
| Nome pessoal |
Nascimento, C.N.B. do |
| 100 1# - ENTRADA PRINCIPAL--NOME PESSOAL |
| Nome pessoal |
Vieira, L.C. |
| 111 1# - ENTRADA PRINCIPAL--NOME DO EVENTO |
| Nome do evento ou lugar |
1. Simposio do Tropico Umido |
| Local do evento |
Belem, PA (Brazil) |
| Data do evento ou assinatura do tratado |
12-17 Nov 1984 |
| 245 1# - TÍTULO |
| Título |
Aproveitamento do leite de bufala em produtos derivados |
| 490 ## - TÍTULO DA SÉRIE |
| Título da série |
Documentos - Centro de Pesquisa Agropecuaria do Tropico Umido (Brazil) |
| Número do volume ou designação sequencial da série |
no. 36 |
| ISSN - International Standard Serial Number |
ISSN 0101-2835 |
| 500 ## - NOTA GERAL |
| Nota geral |
Anais do 1. Simposio do Tropico Umido. V. 5 Pastagem e producao animal<br/>Belem, PA (Brasil): 1986. p. 265-269 [Summaries (En, Pt); 15 ref.]<br/>(BR9404707-AMS)<br/> |
| 650 ## - ASSUNTO--TERMO TÓPICO |
| Cabeçalho tópico ou nome geográfico |
Bufalo |
| 650 ## - ASSUNTO--TERMO TÓPICO |
| Cabeçalho tópico ou nome geográfico |
Leite |
| 650 ## - ASSUNTO--TERMO TÓPICO |
| Cabeçalho tópico ou nome geográfico |
Doce de Leite |
| 650 ## - ASSUNTO--TERMO TÓPICO |
| Cabeçalho tópico ou nome geográfico |
Iogurte |
| 650 ## - ASSUNTO--TERMO TÓPICO |
| Cabeçalho tópico ou nome geográfico |
Queijo |
| 650 ## - ASSUNTO--TERMO TÓPICO |
| Cabeçalho tópico ou nome geográfico |
Tecnologia de Alimento |
| 650 ## - ASSUNTO--TERMO TÓPICO |
| Cabeçalho tópico ou nome geográfico |
Composicao Quimica |
| 773 0# - ENTRADA ANALÍTICA |
| Título |
Anais do 1. Simposio do Tropico Umido. V. 5 Pastagem e producao animal |
| Número de controle do registro |
Q02 BR9404707 |
| Partes relacionadas |
Belem, PA (Brasil), 1986. p. 265-269 |
| 942 ## - ELEMENTOS DE ENTRADA ADICIONADOS (KOHA) |
| Tipo de material Koha |
Analítica de Monografia Seriada |
| Fonte da classificação ou esquema de arquivamento na estante |
Classificação AGRIS |
| 909 ## - |
| -- |
202506 |
| -- |
Lúcia |
| -- |
55 |
| -- |
Lúcia Elande |